[Event "Aurora Fall op"]
[Site "Aurora CAN"]
[Date "2013.10.20"]
[Round "4.10"]
[White "Chernik, Dmitry"]
[Black "Derraugh, Geordie"]
[Result "0-1"]
[WhiteElo "2046"]
[BlackElo "2300"]
[PlyCount "78"]
[GameId "2160767909224985"]
[EventDate "2013.10.19"]
[EventType "swiss"]
[EventRounds "5"]
[EventCountry "CAN"]

1. e4 e5 2. Nf3 Nc6 3. Bb5 a6 4. Bxc6 dxc6 5. d4 exd4 6. Qxd4 Qxd4 7. Nxd4 Bd7 8. Be3 g6 9. Nd2 Bg7 10. c3 Nf6 11. f3 O-O-O 12. O-O-O c5 13. Nc2 b6 14. Bg5 h6 15. Bh4 g5 16. Bf2 Be6 17. a3 Nd7 18. Ne3 Ne5 19. Bg3 Bf6 20. Bxe5 Bxe5 21. g3 b5 22. Nf5 a5 23. Nb1 h5 24. Rxd8+ Rxd8 25. Rd1 Rxd1+ 26. Kxd1 b4 27. Kc2 Kd7 28. Nd2 Kc6 29. c4 a4 30. Ne7+ Kd6 31. Nd5 c6 32. Nb6 h4 33. Nxa4 Bxg3 34. f4 Bxf4 35. Nf3 f6 36. Kd3 Bg4 37. e5+ fxe5 38. Ke4 Bh5 39. h3 Bg6# 0-1

[Event "Aurora Fall op"]
[Site "Aurora CAN"]
[Date "2013.10.20"]
[Round "5"]
[White "Aronov, Yuri"]
[Black "Dougherty, Michael"]
[Result "0-1"]
[WhiteElo "2219"]
[BlackElo "2166"]
[PlyCount "66"]
[GameId "2160767909224986"]
[EventDate "2013.10.19"]
[EventType "swiss"]
[EventRounds "5"]
[EventCountry "CAN"]
[SourceTitle "EXT 2014"]
[Source "ChessBase"]
[SourceDate "2013.11.20"]
[SourceVersion "1"]
[SourceVersionDate "2013.11.20"]
[SourceQuality "1"]

1. d4 Nf6 2. c4 e6 3. Nf3 c5 4. d5 exd5 5. cxd5 d6 6. Nc3 g6 7. e4 Bg7 8. h3 O-O 9. Bd3 a6 10. a4 Nbd7 11. O-O Qe7 12. Re1 Nh5 13. Bg5 Bf6 14. Be3 Ne5 15. Be2 Nxf3+ 16. Bxf3 Ng7 17. Qd2 Be5 18. a5 Bd7 19. Na4 Rae8 20. Nb6 Bb5 21. Bh6 f5 22. exf5 Nxf5 23. Bxf8 Rxf8 24. Rac1 Nd4 25. Bd1 Qh4 26. Rxe5 dxe5 27. Qe1 Qe7 28. Rc3 Nf5 29. Bg4 e4 30. Qc1 Nd4 31. Rxc5 e3 32. f4 e2 33. Be6+ Nxe6 0-1

[Event "Aurora Fall op"]
[Site "Aurora CAN"]
[Date "2013.10.20"]
[Round "5"]
[White "Morrell, Gordon"]
[Black "Noritsyn, Sergey"]
[Result "1-0"]
[WhiteElo "2159"]
[BlackElo "1797"]
[PlyCount "81"]
[GameId "2160767909224987"]
[EventDate "2013.10.19"]
[EventType "swiss"]
[EventRounds "5"]
[EventCountry "CAN"]
[SourceTitle "EXT 2014"]
[Source "ChessBase"]
[SourceDate "2013.11.20"]
[SourceVersion "1"]
[SourceVersionDate "2013.11.20"]
[SourceQuality "1"]

1. c4 e5 2. g3 Nf6 3. Bg2 d5 4. cxd5 Nxd5 5. Nc3 c6 6. d3 Be6 7. Nf3 Bd6 8. Ng5 Nxc3 9. bxc3 Bf5 10. Qb3 Qc7 11. Rb1 b6 12. O-O O-O 13. Ne4 Be6 14. c4 Be7 15. Ba3 Bxa3 16. Qxa3 Nd7 17. Rfc1 c5 18. Nc3 Rac8 19. Nb5 Qd8 20. Nxa7 Rc7 21. Nb5 Rc8 22. Qb2 Re8 23. Nd6 Nf6 24. Nxe8 Qxe8 25. Qxe5 Ng4 26. Qd6 Bf5 27. h3 Nf6 28. e4 Rd8 29. Qxb6 Bg6 30. Qxc5 Rxd3 31. Rd1 Bxe4 32. Rxd3 Bxd3 33. Rd1 Bc2 34. Rc1 Bd3 35. Qe3 Qxe3 36. fxe3 Bf5 37. c5 Bc8 38. Rd1 Bd7 39. c6 Be8 40. c7 Bd7 41. Rxd7 1-0

[Event "Aurora Fall op"]
[Site "Aurora CAN"]
[Date "2013.10.20"]
[Round "5.1"]
[White "Cheng, Bindi"]
[Black "Plotkin, Victor"]
[Result "0-1"]
[WhiteElo "2548"]
[BlackElo "2393"]
[PlyCount "138"]
[GameId "2160767909224988"]
[EventDate "2013.10.19"]
[EventType "swiss"]
[EventRounds "5"]
[EventCountry "CAN"]

1. Nf3 Nf6 2. c4 e6 3. g3 d5 4. Bg2 Be7 5. O-O O-O 6. b3 d4 7. e3 c5 8. exd4 cxd4 9. Re1 Nc6 10. Bb2 Bc5 11. d3 Qc7 12. a3 a5 13. Nbd2 e5 14. Nh4 Bg4 15. Bf3 Bd7 16. g4 Kh8 17. Kh1 Ng8 18. Ne4 Be7 19. Nf5 Bxf5 20. gxf5 Qd7 21. Ng3 Bg5 22. Bc1 Bxc1 23. Qxc1 f6 24. Be4 Nh6 25. Qd1 Ne7 26. Qh5 Nc8 27. Bd5 Nd6 28. Be6 Qc6+ 29. Kg1 Qc5 30. Reb1 Qb6 31. h4 Ne8 32. Bd5 Nc7 33. Be4 Na6 34. b4 axb4 35. axb4 Nxb4 36. Rxa8 Rxa8 37. Qd1 Qd6 38. Bxb7 Ra3 39. Be4 Na2 40. c5 Qd8 41. Ra1 Nc3 42. Rxa3 Nxd1 43. Ra8 Qxa8 44. Bxa8 Nc3 45. Bb7 Kg8 46. c6 Nd5 47. Bc8 Kf8 48. Be6 Nc7 49. Nh5 Ng8 50. f4 Ne7 51. Bd7 Ned5 52. fxe5 fxe5 53. Kf2 g6 54. fxg6 hxg6 55. Ng3 Nf4 56. Kf3 Nxd3 57. Ke4 Nc5+ 58. Kxe5 Nxd7+ 59. Kd6 Nf6 60. Kxc7 d3 61. Nf1 Ke7 62. Nd2 Ke6 63. Nc4 Nd5+ 64. Kb7 Kf6 65. Ka7 Kg7 66. Kb7 Kh6 67. Ne3 Nxe3 68. c7 Nf5 69. Kc6 d2 0-1

[Event "Aurora Fall op"]
[Site "Aurora CAN"]
[Date "2013.10.20"]
[Round "5.6"]
[White "Perelman, Leon"]
[Black "Zeromskis, Egidijus"]
[Result "0-1"]
[WhiteElo "2142"]
[BlackElo "2208"]
[PlyCount "148"]
[GameId "2160767909224992"]
[EventDate "2013.10.19"]
[EventType "swiss"]
[EventRounds "5"]
[EventCountry "CAN"]

1. d4 Nf6 2. c4 c5 3. d5 e6 4. Nc3 exd5 5. cxd5 d6 6. e4 g6 7. f4 Bg7 8. Bb5+ Bd7 9. e5 dxe5 10. fxe5 Ng8 11. Nf3 Ne7 12. O-O O-O 13. Bg5 h6 14. Bh4 Qe8 15. Bd3 Nf5 16. Bxf5 Bxf5 17. d6 Nc6 18. Nd5 Qd7 19. Nf6+ Bxf6 20. Bxf6 Rfe8 21. Rc1 b6 22. Qd2 Kh7 23. Rc4 Bg4 24. h3 Bxf3 25. Rxf3 Nd4 26. Rf4 g5 27. Rf1 Rg8 28. b4 Ne6 29. Qd5 Rac8 30. bxc5 bxc5 31. h4 gxh4 32. Rxh4 Rg6 33. Rb1 Rcg8 34. Rb2 Nd4 35. Qe4 Qf5 36. Qxf5 Nxf5 37. Rh3 Nxd6 38. exd6 Rxf6 39. Rb7 Rxd6 40. Rxf7+ Rg7 41. Rxg7+ Kxg7 42. Ra3 a6 43. Kf2 Kf6 44. Ke3 Ke5 45. Ra4 Rg6 46. Kd3 Rg3+ 47. Ke2 Rxg2+ 48. Kf3 Rg6 49. Rh4 Kd5 50. Ke3 Rc6 51. Kd3 c4+ 52. Kc3 Ke5 53. Rh1 Kf5 54. Rf1+ Kg6 55. Rg1+ Kh7 56. Rh1 Kg7 57. Rh2 Kg6 58. Rg2+ Kf5 59. Rg8 h5 60. Rf8+ Kg5 61. Rg8+ Rg6 62. Rd8 h4 63. Rd1 h3 64. Rg1+ Kh5 65. Rh1 Kh4 66. Kxc4 Rb6 67. Rd1 h2 68. Rd4+ Kg5 69. Rd5+ Kg6 70. Rd1 Rb2 71. a4 Kg5 72. Kd3 Kg4 73. Ke3 Kg3 74. Rd6 Rb3+ 0-1

[Event "Aurora Fall op"]
[Site "Aurora CAN"]
[Date "2013.10.20"]
[Round "5.8"]
[White "Derraugh, Geordie"]
[Black "Zotkin, Daniel"]
[Result "1-0"]
[WhiteElo "2300"]
[BlackElo "1906"]
[PlyCount "77"]
[GameId "2160767909224993"]
[EventDate "2013.10.19"]
[EventType "swiss"]
[EventRounds "5"]
[EventCountry "CAN"]

1. e4 c5 2. c3 d5 3. exd5 Qxd5 4. d4 cxd4 5. cxd4 Nc6 6. Nf3 e6 7. Nc3 Qd8 8. a3 Nf6 9. Bc4 Be7 10. O-O O-O 11. Re1 a6 12. Ba2 b5 13. Bg5 Bb7 14. Rc1 Rc8 15. Bb1 Na5 16. Qd3 g6 17. Ne5 Nc4 18. Nxc4 Rxc4 19. Rcd1 Qc7 20. Qg3 Qd7 21. Qh4 Nd5 22. Ne4 f6 23. Bh6 f5 24. Ng5 Re8 25. Qh3 Bf6 26. Nf3 Qe7 27. Qg3 Kh8 28. Ng5 Qd7 29. Qd6 Rd8 30. Rxe6 Qxd6 31. Nf7+ Kg8 32. Nxd6 Bc8 33. Nxc8 Rdxc8 34. Ba2 Rxd4 35. Rxd4 Bxd4 36. Bxd5 Kh8 37. b3 Bg7 38. Bxg7+ Kxg7 39. g3 1-0

[Event "Aurora Fall op"]
[Site "Aurora CAN"]
[Date "2013.10.20"]
[Round "5.10"]
[White "Chernik, Dmitry"]
[Black "Zhao, Yue Tong (Davy)"]
[Result "1/2-1/2"]
[WhiteElo "2046"]
[BlackElo "1939"]
[PlyCount "79"]
[GameId "2160767909224995"]
[EventDate "2013.10.19"]
[EventType "swiss"]
[EventRounds "5"]
[EventCountry "CAN"]

1. e4 c5 2. Nc3 a6 3. Nf3 e6 4. d4 cxd4 5. Nxd4 Qc7 6. Be2 Nf6 7. O-O Bc5 8. Be3 d6 9. Qd2 O-O 10. Kh1 b5 11. Rad1 b4 12. Na4 Nxe4 13. Qd3 Bb7 14. f3 Nf6 15. Nxc5 dxc5 16. Nb3 Nbd7 17. Qd6 Qxd6 18. Rxd6 Rfc8 19. Rfd1 Bd5 20. Na5 h6 21. b3 Kf8 22. Bc4 Ke7 23. Bxd5 Nxd5 24. Bf4 g5 25. Bg3 Nb8 26. Re1 Nc3 27. Rd3 Nd7 28. Bd6+ Ke8 29. f4 Ra7 30. fxg5 hxg5 31. Rh3 Nb6 32. Rh8+ Kd7 33. Rxc8 Nxc8 34. Bxc5 Rc7 35. Bxb4 Nxa2 36. Bd2 Rxc2 37. Bxg5 Nc3 38. h4 Nd5 39. Rc1 Rxc1+ 40. Bxc1 1/2-1/2

[Event "Aurora Fall op U1300"]
[Site "Aurora CAN"]
[Date "2013.10.19"]
[Round "2"]
[White "Atanasova, Rada"]
[Black "Pishdad, Hassan"]
[Result "0-1"]
[WhiteElo "859"]
[BlackElo "1159"]
[PlyCount "118"]
[GameId "2160767909224997"]
[EventDate "2013.10.19"]
[EventType "swiss"]
[EventRounds "5"]
[EventCountry "CAN"]

1. e4 c5 2. Nf3 e6 3. Nc3 d5 4. Qe2 d4 5. Nd1 Nc6 6. c3 e5 7. d3 Bg4 8. h3 Be6 9. Qc2 Be7 10. b3 Rc8 11. Nb2 Bd6 12. Bd2 h6 13. c4 Nge7 14. Be2 O-O 15. O-O f5 16. exf5 Bxf5 17. a3 a6 18. Rab1 a5 19. Rfe1 Ng6 20. Na4 b6 21. Rb2 Rb8 22. Ra2 Nh4 23. Nxh4 Qxh4 24. Bf3 Bd7 25. Nb2 Rf6 26. Bd5+ Kh8 27. Nd1 Ne7 28. Bf3 Bxh3 29. Re4 Rf4 30. Bxf4 exf4 31. gxh3 Qxh3 32. Bg2 Qg4 33. f3 Qg5 34. Qf2 h5 35. Kf1 Nf5 36. Rae2 Ng3+ 37. Kg1 Nxe4 38. Rxe4 Be5 39. Qe2 Re8 40. Kf1 h4 41. Nf2 Qh5 42. Rxe5 Rxe5 43. Qd2 g5 44. Ng4 Re6 45. Bh3 Qe8 46. Nf2 Re5 47. Bg4 Kg7 48. Ne4 Qh8 49. Kg2 Qh6 50. Kh3 Qc6 51. Qe1 Qc7 52. Kh2 Kg6 53. Qe2 Kg7 54. Kg2 Qc6 55. Kf2 Qh6 56. Kf1 h3 57. Bxh3 Qxh3+ 58. Ke1 Qh1+ 59. Kd2 Qa1 0-1

[Event "Aurora Fall op U1300"]
[Site "Aurora CAN"]
[Date "2013.10.20"]
[Round "4"]
[White "Pishdad, Hassan"]
[Black "Liu, Lambert"]
[Result "1-0"]
[WhiteElo "1159"]
[BlackElo "1058"]
[PlyCount "65"]
[GameId "2160767909224998"]
[EventDate "2013.10.19"]
[EventType "swiss"]
[EventRounds "5"]
[EventCountry "CAN"]

1. d4 Nf6 2. c4 g6 3. Nc3 Bg7 4. e4 d6 5. h3 O-O 6. Nf3 c5 7. d5 e6 8. Be2 exd5 9. exd5 Bf5 10. O-O Nbd7 11. Re1 a6 12. Bd3 Bxd3 13. Qxd3 Re8 14. Bf4 Rxe1+ 15. Rxe1 Nb6 16. b3 Nh5 17. Bh2 a5 18. Ne4 Nc8 19. Nfg5 h6 20. Nf3 Nf6 21. Nc3 Ne7 22. Nb5 Nf5 23. g4 Ne7 24. Bxd6 Nc8 25. Bxc5 b6 26. Be3 a4 27. b4 Nd6 28. Nxd6 Qxd6 29. Bd2 Rc8 30. b5 Qc5 31. Ne5 Nh7 32. Nc6 Kh8 33. Bb4 1-0

[Event "Aurora Summer op"]
[Site "Aurora CAN"]
[Date "2013.07.06"]
[Round "1.2"]
[White "Song, Michael"]
[Black "Itkin, David"]
[Result "1-0"]
[WhiteElo "2390"]
[BlackElo "2151"]
[PlyCount "127"]
[GameId "2160767909343226"]
[EventDate "2013.07.06"]
[EventType "swiss"]
[EventRounds "5"]
[EventCountry "CAN"]
[SourceTitle "EXT 2022"]
[Source "ChessBase"]
[SourceDate "2021.10.06"]
[SourceVersion "1"]
[SourceVersionDate "2021.10.06"]
[SourceQuality "1"]

1. d4 g6 2. Nf3 Bg7 3. c4 d6 4. Nc3 Nf6 5. g3 O-O 6. Bg2 Nc6 7. O-O Bf5 8. d5 Na5 9. Nd2 c6 10. e4 Bg4 11. f3 Bd7 12. Kh1 cxd5 13. cxd5 Rc8 14. Re1 b5 15. Nb3 b4 16. Ne2 Nc4 17. Nbd4 Qa5 18. b3 Na3 19. Be3 Ne8 20. Qd2 Nc7 21. Bg5 Rfe8 22. Rac1 Nab5 23. a4 Nc3 24. Rc2 Na6 25. Rec1 Nc5 26. Qe3 e5 27. dxe6 Nxe6 28. Bh6 Bxh6 29. Qxh6 Nxe2 30. Nxe2 Rxc2 31. Rxc2 Bxa4 32. bxa4 b3 33. Qd2 Qxa4 34. Rc1 Qa3 35. Rb1 Rc8 36. Qd1 Rc2 37. Nc1 Qb4 38. Nxb3 Rc8 39. Bh3 a5 40. Bxe6 fxe6 41. Rc1 Rxc1 42. Nxc1 a4 43. Qc2 a3 44. Na2 Qb5 45. Kg2 d5 46. exd5 exd5 47. Qc8+ Kf7 48. Qc7+ Ke6 49. Qc2 Qb2 50. Qxb2 axb2 51. Nc3 Ke5 52. Nb1 Kd4 53. Kf2 Kd3 54. Na3 Kc3 55. Ke2 Kb3 56. Nb1 Kc2 57. Nd2 Kc3 58. Ke3 d4+ 59. Ke2 Kb4 60. Kd3 Kc5 61. Kc2 Kd5 62. Kxb2 Ke5 63. Kc2 h5 64. h4 1-0

[Event "Aurora Summer op"]
[Site "Aurora CAN"]
[Date "2013.07.06"]
[Round "1.4"]
[White "Ochkoos, Jura"]
[Black "Yu, Wenlu"]
[Result "1-0"]
[WhiteElo "2299"]
[BlackElo "2032"]
[PlyCount "79"]
[GameId "2160767909343227"]
[EventDate "2013.07.06"]
[EventType "swiss"]
[EventRounds "5"]
[EventCountry "CAN"]
[SourceTitle "EXT 2022"]
[Source "ChessBase"]
[SourceDate "2021.10.06"]
[SourceVersion "1"]
[SourceVersionDate "2021.10.06"]
[SourceQuality "1"]

1. e4 c5 2. Nf3 d6 3. d4 cxd4 4. Nxd4 Nf6 5. Nc3 a6 6. Bg5 Nbd7 7. Qe2 e6 8. O-O-O Be7 9. f4 Qc7 10. g4 b5 11. a3 Bb7 12. Bg2 Rc8 13. Kb1 h6 14. Bxf6 gxf6 15. f5 e5 16. Nb3 Nb6 17. Nd5 Bxd5 18. exd5 Nc4 19. Be4 Qb6 20. c3 a5 21. Bd3 a4 22. Bxc4 bxc4 23. Nc1 Kd7 24. Na2 Rc5 25. Nb4 Rb8 26. h4 Rg8 27. Rdg1 Rg7 28. g5 fxg5 29. f6 Bxf6 30. Rf1 Be7 31. Qh5 f6 32. Qxh6 Rg8 33. hxg5 Rxg5 34. Rxf6 Qd8 35. Rf7 Ke8 36. Qe6 Rg8 37. Rxe7+ Qxe7 38. Qxg8+ Qf8 39. Qe6+ Kd8 40. Rh7 1-0

[Event "Aurora Summer op"]
[Site "Aurora CAN"]
[Date "2013.07.06"]
[Round "1.5"]
[White "Palanisamy, Selvakumar"]
[Black "Derraugh, Geordie"]
[Result "0-1"]
[WhiteElo "2011"]
[BlackElo "2297"]
[PlyCount "118"]
[GameId "2160767909343228"]
[EventDate "2013.07.06"]
[EventType "swiss"]
[EventRounds "5"]
[EventCountry "CAN"]
[SourceTitle "EXT 2022"]
[Source "ChessBase"]
[SourceDate "2021.10.06"]
[SourceVersion "1"]
[SourceVersionDate "2021.10.06"]
[SourceQuality "1"]

1. d4 Nf6 2. c4 g6 3. Nc3 d5 4. Bf4 Bg7 5. e3 O-O 6. Rc1 c6 7. Nf3 Qa5 8. Nd2 Be6 9. Be2 Qb4 10. Qb3 a5 11. O-O Nbd7 12. Qc2 Rfc8 13. h3 a4 14. a3 Qa5 15. Rfd1 Qa7 16. cxd5 Nxd5 17. Nxd5 Bxd5 18. e4 Be6 19. d5 cxd5 20. Qxc8+ Rxc8 21. Rxc8+ Nf8 22. Rc7 Qb6 23. exd5 Bxd5 24. Nc4 Qe6 25. Ne3 Bc6 26. Bg4 Qe4 27. Bg3 Bxb2 28. Bf3 Qe6 29. Bxc6 bxc6 30. Rd8 Kg7 31. Rcc8 Nd7 32. Ng4 f6 33. Rc7 Ne5 34. Nxe5 Bxe5 35. Bxe5 Qxe5 36. Rdc8 Kf7 37. Rxc6 Qe1+ 38. Kh2 Qxf2 39. Rc4 Qd2 40. Ra8 Qd6+ 41. Kg1 Qxa3 42. Rcxa4 Qc1+ 43. Kf2 f5 44. R8a7 Kf6 45. R4a6+ e6 46. Ra3 f4 47. Ra2 Qe3+ 48. Kf1 Kf5 49. R7a3 Qc1+ 50. Kf2 e5 51. Ra5 Qe3+ 52. Kf1 h5 53. Re2 Qc3 54. Raxe5+ Qxe5 55. Rxe5+ Kxe5 56. Ke2 g5 57. Kf2 Ke4 58. Ke2 g4 59. hxg4 hxg4 0-1

[Event "Aurora Summer op"]
[Site "Aurora CAN"]
[Date "2013.07.06"]
[Round "2"]
[White "Gillis, Doug"]
[Black "Bozinoski, Tom"]
[Result "1-0"]
[WhiteElo "1614"]
[BlackElo "1686"]
[PlyCount "77"]
[GameId "2160767909343231"]
[EventDate "2013.07.06"]
[EventType "swiss"]
[EventRounds "5"]
[EventCountry "CAN"]
[SourceTitle "EXT 2022"]
[Source "ChessBase"]
[SourceDate "2021.10.06"]
[SourceVersion "1"]
[SourceVersionDate "2021.10.06"]
[SourceQuality "1"]

1. d4 d5 2. Nc3 Nf6 3. Bg5 Nbd7 4. Qd3 c6 5. Nf3 h6 6. Bd2 Qc7 7. e4 dxe4 8. Nxe4 e6 9. h3 a5 10. Be2 Be7 11. O-O b6 12. Rfe1 Ba6 13. Nxf6+ Nxf6 14. Qb3 Bxe2 15. Rxe2 O-O 16. Ne5 Nh7 17. Qg3 g5 18. h4 Kg7 19. hxg5 hxg5 20. Rae1 Ra7 21. f4 f6 22. Nd3 Bd6 23. Rxe6 Rf7 24. Qg4 Qd7 25. f5 Be7 26. R1e3 Qd5 27. Nf4 Qc4 28. c3 Kf8 29. Ng6+ Ke8 30. Qe4 Qd5 31. Qxd5 cxd5 32. Rxb6 Kd7 33. Rxe7+ Rxe7 34. Nxe7 Kxe7 35. b3 Kd7 36. Re6 Kc7 37. Re7+ Kb6 38. Rxa7 Kxa7 39. Kf2 1-0

[Event "Aurora Summer op"]
[Site "Aurora CAN"]
[Date "2013.07.06"]
[Round "2.2"]
[White "Derraugh, Geordie"]
[Black "Song, Michael"]
[Result "1/2-1/2"]
[WhiteElo "2297"]
[BlackElo "2390"]
[PlyCount "58"]
[GameId "2160767909339137"]
[EventDate "2013.07.06"]
[EventType "swiss"]
[EventRounds "5"]
[EventCountry "CAN"]
[SourceTitle "EXT 2022"]
[Source "ChessBase"]
[SourceDate "2021.10.06"]
[SourceVersion "1"]
[SourceVersionDate "2021.10.06"]
[SourceQuality "1"]

1. e4 e5 2. Nf3 Nc6 3. d4 exd4 4. Bc4 Nf6 5. e5 d5 6. Bb5 Ne4 7. Nxd4 Bd7 8. Bxc6 bxc6 9. O-O Be7 10. f3 Nc5 11. Be3 O-O 12. Nd2 Na4 13. b3 Nc3 14. Qe1 c5 15. Ne2 Nxe2+ 16. Qxe2 Bf5 17. c3 d4 18. Bf2 Qd5 19. Nc4 dxc3 20. Rfd1 Qe6 21. Rdc1 c2 22. f4 a5 23. Ne3 a4 24. bxa4 Rxa4 25. Nxf5 Qxf5 26. g3 f6 27. Qxc2 Qxc2 28. Rxc2 fxe5 29. fxe5 Rf3 1/2-1/2

[Event "Aurora Summer op"]
[Site "Aurora CAN"]
[Date "2013.07.06"]
[Round "2.6"]
[White "Yu, Wenlu"]
[Black "Zeromskis, Egidijus"]
[Result "0-1"]
[WhiteElo "2032"]
[BlackElo "2202"]
[PlyCount "128"]
[GameId "2160767909339139"]
[EventDate "2013.07.06"]
[EventType "swiss"]
[EventRounds "5"]
[EventCountry "CAN"]
[SourceTitle "EXT 2022"]
[Source "ChessBase"]
[SourceDate "2021.10.06"]
[SourceVersion "1"]
[SourceVersionDate "2021.10.06"]
[SourceQuality "1"]

1. e4 Nf6 2. e5 Nd5 3. c4 Nb6 4. d4 d6 5. exd6 cxd6 6. Nf3 g6 7. Be2 Bg7 8. O-O O-O 9. Nc3 Nc6 10. Be3 Bg4 11. b3 d5 12. c5 Nc8 13. Rc1 e6 14. h3 Bxf3 15. Bxf3 N8e7 16. g3 Nf5 17. Ne2 Qf6 18. Bg4 Nfxd4 19. Nxd4 Nxd4 20. h4 h6 21. Qd2 h5 22. Bd1 Nf5 23. b4 Nxe3 24. Qxe3 Rfc8 25. Ba4 Qb2 26. a3 a5 27. c6 bxc6 28. Bxc6 Rab8 29. b5 Bd4 30. Qf4 Be5 31. Qe3 Bd6 32. a4 Qb4 33. Qa7 Qxa4 34. Ra1 Qg4 35. Rxa5 Bc7 36. Ra4 Bb6 37. Rxg4 Bxa7 38. Ra4 Bb6 39. Rfa1 Kf8 40. Kf1 Ke7 41. Ke2 Kd6 42. f3 Rg8 43. Ra8 Rxa8 44. Rxa8 Rxa8 45. Bxa8 f6 46. Bc6 Ke7 47. f4 Kf7 48. Kf3 Bc7 49. Bd7 e5 50. f5 e4+ 51. Kf2 Bb6+ 52. Ke2 d4 53. fxg6+ Kxg6 54. Be8+ Kf5 55. Bxh5 d3+ 56. Kd2 Ba5+ 57. Ke3 Bb6+ 58. Kd2 Bf2 59. Be8 Bxg3 60. h5 Bf4+ 61. Ke1 Ke5 62. b6 e3 63. b7 Kd4 64. h6 Bg3+ 0-1

[Event "Aurora Summer op"]
[Site "Aurora CAN"]
[Date "2013.07.06"]
[Round "2.7"]
[White "Itkin, David"]
[Black "Palanisamy, Selvakumar"]
[Result "1-0"]
[WhiteElo "2151"]
[BlackElo "2011"]
[PlyCount "79"]
[GameId "2160767909339140"]
[EventDate "2013.07.06"]
[EventType "swiss"]
[EventRounds "5"]
[EventCountry "CAN"]
[SourceTitle "EXT 2022"]
[Source "ChessBase"]
[SourceDate "2021.10.06"]
[SourceVersion "1"]
[SourceVersionDate "2021.10.06"]
[SourceQuality "1"]

1. e4 e5 2. Nf3 Nc6 3. Bc4 Nf6 4. Ng5 d5 5. exd5 Na5 6. Bb5+ c6 7. dxc6 bxc6 8. Qf3 Rb8 9. Bd3 Bd6 10. Nc3 O-O 11. Nce4 Nxe4 12. Qxe4 g6 13. h4 Bf5 14. Qe2 e4 15. Bc4 Nxc4 16. Qxc4 h6 17. Nh3 Qxh4 18. b3 Be5 19. d4 Bg7 20. Be3 c5 21. O-O-O cxd4 22. g3 Qe7 23. Rxd4 Rbc8 24. Qb4 Qe6 25. Nf4 Qa6 26. Qa4 Qb7 27. Rb4 Qc7 28. Rc4 Qe5 29. Rd4 Rc3 30. Nd5 Rxe3 31. fxe3 Qxg3 32. Qxa7 Qf3 33. Rdd1 Be6 34. Rdf1 Qg3 35. Nf4 Bf5 36. Rhg1 Qh4 37. Nd5 Re8 38. Rxf5 gxf5 39. Qd4 f6 40. Nxf6+ 1-0

[Event "Aurora Summer op"]
[Site "Aurora CAN"]
[Date "2013.07.06"]
[Round "2.8"]
[White "Du, Digeng"]
[Black "Zhong, Joey"]
[Result "1-0"]
[WhiteElo "2009"]
[BlackElo "2033"]
[PlyCount "83"]
[GameId "2160767909339141"]
[EventDate "2013.07.06"]
[EventType "swiss"]
[EventRounds "5"]
[EventCountry "CAN"]
[SourceTitle "EXT 2022"]
[Source "ChessBase"]
[SourceDate "2021.10.06"]
[SourceVersion "1"]
[SourceVersionDate "2021.10.06"]
[SourceQuality "1"]

1. d4 Nf6 2. c4 g6 3. Nc3 Bg7 4. Nf3 O-O 5. g3 d6 6. Bg2 Nc6 7. O-O a6 8. b3 Rb8 9. Nd5 Nh5 10. Bb2 e6 11. Nc3 b5 12. cxb5 axb5 13. Rc1 Bd7 14. Qd2 Nf6 15. Qc2 b4 16. Ne4 Nxe4 17. Qxe4 Na7 18. Rfd1 Nb5 19. Qb1 f5 20. e3 g5 21. Rc4 d5 22. Rc5 f4 23. gxf4 gxf4 24. e4 Be8 25. Qd3 Nd6 26. exd5 exd5 27. Rxd5 Bg6 28. Qe2 Qf6 29. Re5 Rbe8 30. Rxe8 Rxe8 31. Ne5 Qg5 32. Kh1 Bh5 33. Bf3 Bxf3+ 34. Qxf3 Kh8 35. Rg1 Qh6 36. Qc6 Qf6 37. Qxc7 Ne4 38. Qc2 Qf5 39. Qe2 Rc8 40. f3 Ng5 41. Rxg5 Qh3 42. Rg2 1-0

[Event "Aurora Summer op"]
[Site "Aurora CAN"]
[Date "2013.07.06"]
[Round "3.3"]
[White "Ochkoos, Jura"]
[Black "Derraugh, Geordie"]
[Result "1-0"]
[WhiteElo "2299"]
[BlackElo "2297"]
[PlyCount "77"]
[GameId "2160767909339144"]
[EventDate "2013.07.06"]
[EventType "swiss"]
[EventRounds "5"]
[EventCountry "CAN"]
[SourceTitle "EXT 2022"]
[Source "ChessBase"]
[SourceDate "2021.10.06"]
[SourceVersion "1"]
[SourceVersionDate "2021.10.06"]
[SourceQuality "1"]

1. e4 c5 2. Nf3 d6 3. d4 cxd4 4. Nxd4 Nf6 5. Nc3 a6 6. Bg5 e6 7. Qe2 Nc6 8. O-O-O Nxd4 9. Rxd4 Be7 10. h4 Qc7 11. g4 b5 12. Bh3 h6 13. Be3 e5 14. Rdd1 b4 15. Na4 Rb8 16. g5 Nxe4 17. Bxc8 Qxc8 18. Nb6 Qc6 19. Nd5 Rb5 20. Qd3 Nc5 21. Bxc5 Qxc5 22. g6 Rf8 23. Qf5 Rb8 24. f4 Qc8 25. Qd3 Qc6 26. Qe4 Rc8 27. Rh2 f5 28. Qxb4 e4 29. h5 Bf6 30. c3 Rd8 31. Rhd2 Kd7 32. Ne3 Be7 33. Qd4 Qc8 34. Nd5 Bf6 35. Qb4 Qb8 36. Qa3 Bh4 37. Rd4 a5 38. Ra4 Qc8 39. Rc4 1-0

[Event "Aurora Summer op"]
[Site "Aurora CAN"]
[Date "2013.07.06"]
[Round "3.5"]
[White "Zeromskis, Egidijus"]
[Black "Du, Digeng"]
[Result "1-0"]
[WhiteElo "2202"]
[BlackElo "2009"]
[PlyCount "93"]
[GameId "2160767909339145"]
[EventDate "2013.07.06"]
[EventType "swiss"]
[EventRounds "5"]
[EventCountry "CAN"]
[SourceTitle "EXT 2022"]
[Source "ChessBase"]
[SourceDate "2021.10.06"]
[SourceVersion "1"]
[SourceVersionDate "2021.10.06"]
[SourceQuality "1"]

1. e4 d6 2. d4 Nf6 3. Nc3 g6 4. Be3 c6 5. Qd2 Nbd7 6. Bh6 Bxh6 7. Qxh6 Qa5 8. Qd2 b5 9. f3 Bb7 10. Nh3 a6 11. Be2 Qc7 12. O-O e5 13. Rad1 O-O-O 14. a4 exd4 15. Qxd4 c5 16. Qxd6 b4 17. Qxc7+ Kxc7 18. Nb1 Ne5 19. b3 Rxd1 20. Rxd1 Rd8 21. Rxd8 Kxd8 22. Nf4 Ke7 23. Kf2 Nc6 24. c3 bxc3 25. Nxc3 Nd4 26. Bc4 Nd7 27. Nfe2 Nb6 28. Ke3 Nxc4+ 29. bxc4 Nb3 30. Nf4 Na5 31. Kd3 Nc6 32. Ncd5+ Kd6 33. Kc3 Nd4 34. Nd3 g5 35. e5+ Kc6 36. Ne7+ Kc7 37. Nxc5 Ne6 38. Nxe6+ fxe6 39. Ng8 Kb6 40. Nf6 h6 41. Nd7+ Ka5 42. Kb3 g4 43. fxg4 Bxg2 44. h4 Bf3 45. g5 hxg5 46. hxg5 Bd1+ 47. Ka3 1-0

[Event "Aurora Summer op"]
[Site "Aurora CAN"]
[Date "2013.07.06"]
[Round "3.7"]
[White "Zhong, Joey"]
[Black "Yu, Wenlu"]
[Result "1/2-1/2"]
[WhiteElo "2033"]
[BlackElo "2032"]
[PlyCount "50"]
[GameId "2160767909339146"]
[EventDate "2013.07.06"]
[EventType "swiss"]
[EventRounds "5"]
[EventCountry "CAN"]
[SourceTitle "EXT 2022"]
[Source "ChessBase"]
[SourceDate "2021.10.06"]
[SourceVersion "1"]
[SourceVersionDate "2021.10.06"]
[SourceQuality "1"]

1. e4 c5 2. Nc3 d6 3. Nf3 Nc6 4. d4 cxd4 5. Nxd4 a6 6. Bc4 Nf6 7. Bb3 g6 8. f3 Bg7 9. Be3 O-O 10. Qd2 Qc7 11. O-O-O b5 12. Nxc6 Qxc6 13. Nd5 Qb7 14. Nxf6+ Bxf6 15. Bd5 Qb8 16. Bxa8 Qxa8 17. Bd4 Bxd4 18. Qxd4 Be6 19. b3 a5 20. a4 Rc8 21. Kb1 Qc6 22. Rc1 bxa4 23. Qxa4 Qc3 24. Ka2 Qd2 25. Kb2 Qc3+ 1/2-1/2